000 00632nam a2200229 4500
001 62847
003 BD-RjUL
005 20211209081129.0
008 170126s2007 ii ||||| |||| 00| 0 eng d
020 _a8180619176
035 _a(BD-RjUL)62975
040 _beng
_cBD-RjUL
_aBD-RjUL
041 _aeng
082 _223
_a614.4
_bJOE 2007
100 _aJoseph, Marina Rajan
_9186835
245 0 1 _aEpidemiology for undergraduates/
_cMarina Rajan Joseph
260 _aNew Delhi :
_bJaypee,
_c 2007.
300 _axvi, 224 p. :
_bill. ;
_c24 cm.
500 _aIncludes Appendix
650 _aEpidemiology
_9186463
942 _2ddc
_cBK
999 _c62847
_d62847